000 00407nam a2200169Ia 4500
003 OSt
005 20240202150246.0
008 170619s9999 xx 000 0 und d
020 _a9788178085906
040 _cIIMT ENGINEERING COLLEGE
100 _aBolestad R L
245 0 _aElectronic devices and circuit theory
260 _bNew Delhi: PHI
260 _c2000
546 _aENGLISH
942 _2ddc
_c02
999 _c16115
_d16115